History Quiz

Random History or Art Quiz

Pixelated Art Quiz Stats

 Plays Quiz Updated Feb 25, 2015

Score 0/15 Timer 05:00
3 Plays Today
% Correct
Mona Lisa (Leonardo da Vinci)
99.9%
The Starry Night (Vincent Van Gogh)
86.2%
The Scream (Edvard Munch)
84.4%
The Last Supper (Leonardo da Vinci)
82.1%
American Gothic (Grant Wood)
73.2%
Girl with a Pearl Earring (Johannes Vermeer)
69.7%
Persistence of Memory (Salvador Dalí)
69.6%
The Creation of Adam (Michelangelo)
63.7%
% Correct
Guernica (Pablo Picasso)
56.1%
Whistler's Mother (James Abbott McNeill Whistler)
52.9%
The Night Watch (Rembrandt)
44.8%
The Birth of Venus (Botticelli)
38.2%
A Sunday Afternoon on the Island of La Grande Jatte (Georges Seurat)
35.9%
The Great Wave Off Kanagawa (Hokusai)
29.1%
The School of Athens (Raphael)
18.9%

You're not logged in!

Compare scores with friends on all Sporcle quizzes.
OR
Log In

You Might Also Like...

Show Comments

Extras

Top Quizzes Today


Score Distribution

Your Account Isn't Verified!

In order to create a playlist on Sporcle, you need to verify the email address you used during registration. Go to your Sporcle Settings to finish the process.

Report this User

Report this user for behavior that violates our Community Guidelines.

Details: